| 000 | 00503 a2200193 4500 | ||
|---|---|---|---|
| 005 | 20260209162900.0 | ||
| 008 | 260209b |||||||| |||| 00| 0 eng d | ||
| 020 |
_a9789369678563 _cRs. 4995.00 |
||
| 040 | _aMAIN | ||
| 082 |
_a613.7046 _bS64A |
||
| 100 | _aSuresh Prasad | ||
| 245 | _aArt and business of teaching yoga | ||
| 260 |
_bScientific Books International _c2026 _aNew Delhi |
||
| 300 | _a280 | ||
| 650 | _aYoga | ||
| 650 | _aPersonal Health | ||
| 650 | _aExercise Systems | ||
| 942 | _cBK | ||
| 999 |
_c396214 _d396214 |
||